Statistics for Top 15 Urban Battles by Casualties in WW1 & WW2

Click here to take the quiz!

General Stats

  • This quiz has been taken 262 times
  • The average score is 8 of 15

Answer Stats

CountryEstimated No. of CasualtiesConflictBattle% Correct
Soviet Union1,798,619WW2Battle of Stalingrad
98%
Soviet Union4,500,000WW2Siege of Leningrad
86%
Nazi Germany1,298,745WW2Battle of Berlin
85%
France976,000WW1Battle of Verdun
67%
Poland200,000WW2Warsaw Uprising
64%
France1,120,000WW1First Battle of the Somme
54%
Japan82,000WW2Battle of Okinawa
53%
Hungary422,000WW2Siege of Budapest
51%
Soviet Union700,544WW2Battle of Kiev
48%
Belgium, Luxembourg & Germany218,900WW2Battle of the Bulge
47%
Philippines500,000WW2Battle of Manila
46%
France88,000WW2Battle of Dunkirk
29%
France795,400WW2Battle of Normandy
29%
Soviet Union133,813WW2Siege of Odessa
11%
Soviet Union236,437WW2Siege of Sevastopol
8%

Score Distribution

Percentile by Number Answered

Percent of People with Each Score

Your Score History

You have not taken this quiz